000 00541nam a22001697a 4500
005 20231117144058.0
008 231117b |||||||| |||| 00| 0 eng d
020 _a0409022780
041 _aEnglish
082 _a343.3DUP
100 _adu Plessis, JC and Goodey, J
_lEnglish
245 _aPractical Guide to Debt Collection /
_cJC du Plessis and J Goodey
260 _aDurban :
_bLexisNexis Butterworths,
_c2003
300 _bxv, 250 pages ;
_c25 cm.
650 _aLegal practice
_bLaw
942 _cBK
_6ALISON_BN_VRIES
999 _c777
_d777